Statistics for Countries with stripped olympic medals

Click here to take the quiz!

General Stats

  • This quiz has been taken 34 times
  • The average score is 21 of 32

Answer Stats

HintAnswer% Correct
44Russia
97%
8USA
97%
1Canada
94%
2Germany
94%
11Belarus
90%
4China
90%
10Ukraine
87%
1Italy
84%
2Romania
84%
4Spain
84%
1Poland
81%
3Sweden
81%
1Finland
77%
4Hungary
77%
1Netherlands
77%
7Bulgaria
74%
9Kazakhstan
71%
1Norway
71%
5Turkey
65%
2Greece
61%
3Uzbekistan
61%
3Moldova
55%
1Kyrgyzstan
48%
1Jamaica
45%
1Great Britain
42%
1Ireland
42%
3Armenia
39%
1Azerbaijan
39%
2North Korea
39%
1Cuba
35%
1Mongolia
29%
1Bahrain
6%

Score Distribution

Percentile by Number Answered

Percent of People with Each Score

Your Score History

You have not taken this quiz